00263nam a2200121Ia 45000030006000000080041000060400015000471000012000622450029000742600009001035460012001120050017001240STCL150530s9999 xx 000 0 und d aSTCLcSTCL aDeepika aDeepika Visheshal Prathi c1955 aEnglish20220125165724.0